[Event "13th Foxwoods Open"]
[Site "Mashantucket, CT"]
[Date "2019.04.18"]
[Round "1.1"]
[White "Arvind, C.J."]
[Black "Durarbayli, Vasif"]
[Result "0-1"]
[WhiteElo "2211"]
[BlackElo "2628"]
[PlyCount "130"]
[EventDate "2019.04.??"]
[EventType "swiss"]
[EventRounds "9"]
[EventCountry "USA"]

1. d4 Nf6 2. c4 g6 3. Nc3 d5 4. cxd5 Nxd5 5. e4 Nxc3 6. bxc3 Bg7 7. Nf3 c5 8.
Be3 Qa5 9. Qd2 Nc6 10. Rc1 cxd4 11. cxd4 Qxd2+ 12. Kxd2 f5 13. e5 O-O 14. Bc4+
Kh8 15. Ke2 Na5 16. Bd3 Nc6 17. Bc4 e6 18. h4 h6 19. Rhg1 Bd7 20. g4 Ne7 21.
gxf5 gxf5 22. Ne1 f4 23. Bd2 Nf5 24. Nf3 Bc6 25. Rg4 Rad8 26. Rxf4 Bxf3+ 27.
Kxf3 Bxe5 28. dxe5 Rxd2 29. Kg4 Rd4 30. Rxd4 Nxd4 31. Rd1 Nf3 32. Bxe6 Nxe5+
33. Kg3 Rf3+ 34. Kg2 Rd3 35. Rxd3 Nxd3 36. Bc4 Nc5 37. Kf3 Kg7 38. Kf4 Kf6 39.
f3 a6 40. Kg4 b5 41. Bg8 Nd3 42. f4 Ne1 43. Bh7 Ng2 44. Be4 Ne3+ 45. Kf3 Nf5
46. h5 b4 47. Kf2 a5 48. Ke1 Ng7 49. Bg6 Ne6 50. f5 Nd4 51. Kd2 a4 52. Be8 a3
53. Kc1 Kxf5 54. Bg6+ Kf4 55. Kd2 b3 56. Bb1 b2 57. Kc3 Ke3 58. Bg6 Ne2+ 59.
Kb3 Nf4 60. Bb1 Kd2 61. Kxa3 Kc1 62. Be4 Nxh5 63. Kb3 Nf6 64. Bf5 h5 65. a4 h4
0-1

[Event "13th Foxwoods Open"]
[Site "Mashantucket, CT"]
[Date "2019.04.18"]
[Round "1.2"]
[White "Zhou, Jianchao"]
[Black "Paul, Justin"]
[Result "1-0"]
[WhiteElo "2623"]
[BlackElo "2210"]
[PlyCount "85"]
[EventDate "2019.04.??"]
[EventType "swiss"]
[EventRounds "9"]
[EventCountry "USA"]

1. d4 Nf6 2. c4 g6 3. Nc3 Bg7 4. e4 d6 5. Be2 O-O 6. Be3 e5 7. d5 Na6 8. h4 Nc5
9. Qc2 c6 10. Bxc5 dxc5 11. h5 cxd5 12. cxd5 a6 13. hxg6 hxg6 14. Nf3 b5 15. a4
Bg4 16. Nxe5 Bxe2 17. Nc6 Qd7 18. Nxe2 Rfe8 19. f3 Nxd5 20. Qxc5 Nc7 21. Rd1
Ne6 22. Qb6 Qc7 23. Qxc7 Nxc7 24. b3 Ne6 25. Kf2 bxa4 26. bxa4 Nc5 27. a5 Rac8
28. Ned4 Ne6 29. Nxe6 Rxe6 30. Nb4 Bc3 31. Rc1 Rc5 32. Nd5 Bd4+ 33. Kg3 f5 34.
Rxc5 Bxc5 35. exf5 Re5 36. Rd1 Rxf5 37. f4 Bd6 38. Kf3 Rf7 39. Ke4 Kg7 40. Rc1
Rb7 41. Rc6 Bb4 42. Rxa6 Be1 43. Rb6 1-0

[Event "13th Foxwoods Open"]
[Site "Mashantucket, CT"]
[Date "2019.04.18"]
[Round "1.3"]
[White "Chasin, Nico"]
[Black "Gabuzyan, Hovhannes"]
[Result "1-0"]
[WhiteElo "2208"]
[BlackElo "2620"]
[PlyCount "75"]
[EventDate "2019.04.??"]
[EventType "swiss"]
[EventRounds "9"]
[EventCountry "USA"]

1. d4 Nf6 2. c4 c5 3. d5 e6 4. Nc3 exd5 5. cxd5 d6 6. Bf4 g6 7. h3 a6 8. a4 Bg7
9. Nf3 O-O 10. e3 Nbd7 11. Be2 Re8 12. Nd2 Ne5 13. O-O Nfd7 14. Bh2 f5 15. Qc2
b6 16. Rfe1 Ra7 17. e4 Nf6 18. f4 Nf7 19. exf5 Bxf5 20. Bd3 Nh6 21. g4 Nfxg4
22. hxg4 Bd4+ 23. Kh1 Bxg4 24. Bxg6 Rxe1+ 25. Rxe1 Qh4 26. Bxh7+ Kf8 27. Qe4
Bh5 28. Bf5 Rg7 29. Qe6 Qxe1+ 30. Qxe1 Nxf5 31. Qe6 Bg4 32. Qc8+ Kf7 33. Qxa6
Bh3 34. Qe2 Nh4 35. Qh5+ Kf8 36. Bg3 Rxg3 37. Qxh4 Bf2 38. Kh2 1-0

[Event "13th Foxwoods Open"]
[Site "Mashantucket, CT"]
[Date "2019.04.18"]
[Round "1.4"]
[White "Shimanov, Aleksandr"]
[Black "Ardito, Andrew"]
[Result "1-0"]
[WhiteElo "2610"]
[BlackElo "2206"]
[PlyCount "75"]
[EventDate "2019.04.??"]
[EventType "swiss"]
[EventRounds "9"]
[EventCountry "USA"]

1. e4 c6 2. d4 g6 3. Nc3 Bg7 4. Nf3 d6 5. Be2 Nf6 6. O-O O-O 7. a4 a5 8. h3 Na6
9. Be3 Qc7 10. Nd2 d5 11. e5 Ne8 12. f4 f6 13. Nf3 Qb6 14. Qd2 Nb4 15. g4 f5
16. Nh4 e6 17. Nd1 Qd8 18. Nf3 Rf7 19. Ng5 Rc7 20. gxf5 exf5 21. h4 Bf8 22. h5
Ng7 23. hxg6 hxg6 24. Rf2 Ne6 25. Nf3 c5 26. c3 cxd4 27. Nxd4 Nxd4 28. Bxd4 Na6
29. Rg2 Nc5 30. Bf3 Ra6 31. Ne3 Rd7 32. Qc2 Ne4 33. Nxf5 Rf7 34. Nd6 Bxd6 35.
Rxg6+ Kf8 36. Bxe4 dxe4 37. exd6 Rxf4 38. Qh2 1-0

[Event "13th Foxwoods Open"]
[Site "Mashantucket, CT"]
[Date "2019.04.17"]
[Round "1"]
[White "Tomb, Maroun"]
[Black "Finegold, Benjamin"]
[Result "0-1"]
[WhiteElo "2150"]
[BlackElo "2487"]
[PlyCount "82"]
[EventDate "2019.04.??"]
[EventType "swiss"]
[EventRounds "9"]
[EventCountry "USA"]

1. e4 c5 2. Ne2 Nc6 3. Nbc3 d6 4. g3 g6 5. d4 cxd4 6. Nxd4 Bg7 7. Nde2 Nf6 8.
Bg2 O-O 9. O-O Rb8 10. a4 b6 11. Nd5 Bb7 12. Bd2 e6 13. Nxf6+ Bxf6 14. Bc3 Ne5
15. Qc1 Ba6 16. Re1 Rc8 17. Nd4 Rc5 18. Rd1 Qc7 19. Qf4 Qe7 20. Qe3 Nc4 21. Qe1
Rfc8 22. Bf1 Bb7 23. Rab1 Bg7 24. Bg2 a6 25. h3 R5c7 26. Kh2 h5 27. h4 Ne5 28.
Kg1 Rc4 29. Ra1 Qd7 30. Nb3 Rxa4 31. Rxa4 Qxa4 32. Rxd6 Nc4 33. Bxg7 Nxd6 34.
Be5 Nc4 35. Bf6 e5 36. Bh3 Re8 37. Qd1 Qc6 38. Qd7 a5 39. f3 a4 40. Nc1 Qc5+
41. Kh1 Bc6 0-1

[Event "13th Foxwoods Open"]
[Site "Mashantucket, CT"]
[Date "2019.04.17"]
[Round "1"]
[White "Niemann, Hans"]
[Black "Raju Shanmugasundara"]
[Result "1-0"]
[WhiteElo "2477"]
[BlackElo "2143"]
[PlyCount "65"]
[EventDate "2019.04.??"]
[EventType "swiss"]
[EventRounds "9"]
[EventCountry "USA"]

1. d4 Nf6 2. c4 e6 3. Nc3 d5 4. Bg5 Be7 5. Nf3 h6 6. Bh4 O-O 7. e3 b6 8. Bd3
Bb7 9. O-O Nbd7 10. Qe2 dxc4 11. Bxc4 Ne4 12. Bg3 Nxg3 13. hxg3 c5 14. d5 exd5
15. Bxd5 Bxd5 16. Nxd5 Nf6 17. Nf4 Nd5 18. e4 Nxf4 19. gxf4 Qc8 20. f5 Re8 21.
Rad1 Bf6 22. Rd5 Qb7 23. Rfd1 Bd4 24. Nxd4 cxd4 25. R1xd4 Rac8 26. f6 Rc1+ 27.
Kh2 Qc7+ 28. g3 Rc2 29. Qe3 Rxb2 30. fxg7 Re6 31. Qf3 Qc2 32. Rf5 Qc7 33. Qa3
1-0

[Event "13th Foxwoods Open"]
[Site "Mashantucket, CT"]
[Date "2019.04.17"]
[Round "1"]
[White "Castillo, Josue Natanael"]
[Black "Katz, Alexander"]
[Result "0-1"]
[WhiteElo "2129"]
[BlackElo "2444"]
[PlyCount "50"]
[EventDate "2019.04.??"]
[EventType "swiss"]
[EventRounds "9"]
[EventCountry "USA"]

1. d4 d6 2. g3 g6 3. Bg2 Bg7 4. Nf3 c5 5. d5 b5 6. O-O Nf6 7. e4 Nxe4 8. Qe2
Nf6 9. Qxb5+ Nbd7 10. Rd1 O-O 11. Nc3 Nb6 12. a4 a5 13. Qe2 Ba6 14. Nb5 Qd7 15.
c4 Qg4 16. Bf1 Rfe8 17. Nd2 Qd7 18. Nb3 Bxb5 19. axb5 a4 20. Nd2 e6 21. dxe6
Rxe6 22. Qf3 Qe7 23. Nb1 Ne4 24. Bd3 Re8 25. Re1 Ng5 0-1

[Event "13th Foxwoods Open"]
[Site "Mashantucket, CT"]
[Date "2019.04.17"]
[Round "1"]
[White "Mulyar, Michael"]
[Black "Torres, Yelfry"]
[Result "1-0"]
[WhiteElo "2385"]
[BlackElo "2094"]
[PlyCount "91"]
[EventDate "2019.04.??"]
[EventType "swiss"]
[EventRounds "9"]
[EventCountry "USA"]

1. d4 Nf6 2. Nf3 d6 3. g3 Nbd7 4. Bg2 e5 5. c4 Be7 6. Nc3 O-O 7. O-O c6 8. e4
a6 9. a3 Qc7 10. h3 b5 11. cxb5 cxb5 12. Be3 Bb7 13. Rc1 Qa5 14. Nh4 b4 15.
axb4 Qxb4 16. Nf5 Rfe8 17. Nxe7+ Rxe7 18. dxe5 dxe5 19. Nd5 Bxd5 20. exd5 e4
21. Qc2 h6 22. Rfd1 Rb8 23. Bf4 Rb5 24. Qc6 Qxb2 25. Qxa6 Re8 26. d6 Rb6 27.
Qa4 Rb4 28. Qc2 g5 29. Qxb2 Rxb2 30. Be3 Re6 31. Bd4 Rb8 32. Bxf6 Rxf6 33. Bxe4
Rd8 34. Bb7 Re6 35. Rc8 Ree8 36. Rc7 Ne5 37. d7 Rf8 38. f4 gxf4 39. gxf4 Ng6
40. f5 Ne5 41. f6 Kh8 42. Rd5 Rg8+ 43. Kf2 Kh7 44. Rxe5 Kg6 45. Bc6 Kxf6 46.
Re8 1-0

[Event "13th Foxwoods Open"]
[Site "Mashantucket, CT"]
[Date "2019.04.17"]
[Round "1"]
[White "Tyrell Harriott"]
[Black "Yanayt, Eugene"]
[Result "0-1"]
[WhiteElo "2033"]
[BlackElo "2268"]
[PlyCount "142"]
[EventDate "2019.04.??"]
[EventType "swiss"]
[EventRounds "9"]
[EventCountry "USA"]

1. d4 Nf6 2. e3 g6 3. Bd3 Bg7 4. f4 O-O 5. Nf3 d6 6. O-O c5 7. c3 Nc6 8. Bc2
cxd4 9. exd4 b5 10. a3 e6 11. Nbd2 Bb7 12. Qe1 a5 13. Ne4 Rc8 14. Nxf6+ Bxf6
15. Be4 Qd7 16. Be3 Ne7 17. Bd3 Bd5 18. Nd2 Qb7 19. Qe2 Rb8 20. Kh1 Bg7 21. Bg1
Rfc8 22. Rf2 Rc7 23. Re1 Nf5 24. Qg4 Bc6 25. Rfe2 Qa8 26. Ne4 b4 27. axb4 axb4
28. Ng5 bxc3 29. bxc3 Bd5 30. Rc2 Rbc8 31. Ne4 Qa3 32. Qe2 Bxe4 33. Bxe4 d5 34.
Bxf5 gxf5 35. g4 Rxc3 36. Ra2 Qd6 37. gxf5 exf5 38. Qg2 Qxf4 39. Rae2 h6 40.
Be3 Qg4 41. Qxd5 Re8 42. Rg2 Qe4 43. Qxe4 Rxe4 44. Reg1 Rg4 45. Bf4 h5 46. Be5
Bxe5 47. dxe5 Re3 48. Rf1 Rxg2 49. Kxg2 Rxe5 50. Kg3 Kg7 51. Rf3 Kg6 52. Ra3
Kg5 53. Kf3 f4 54. Ra7 Re3+ 55. Kf2 f6 56. Ra5+ Re5 57. Ra6 Rb5 58. Ra8 Kg4 59.
Rg8+ Rg5 60. Rf8 f5 61. Ra8 Rg7 62. Rf8 f3 63. Rh8 Ra7 64. h3+ Kf4 65. Rxh5
Ra2+ 66. Kf1 Ke3 67. Kg1 Ra1+ 68. Kh2 f2 69. Rh8 f1=Q 70. Re8+ Kf4 71. Re1 Ra2+
0-1

[Event "13th Foxwoods Open"]
[Site "Mashantucket, CT"]
[Date "2019.04.18"]
[Round "2"]
[White "Yanayt, Eugene"]
[Black "Vazquez, Guillermo"]
[Result "0-1"]
[WhiteElo "2268"]
[BlackElo "2489"]
[PlyCount "48"]
[EventDate "2019.04.??"]
[EventType "swiss"]
[EventRounds "9"]
[EventCountry "USA"]

1. d4 Nf6 2. c4 e6 3. Nf3 Bb4+ 4. Bd2 Qe7 5. Qc2 a5 6. e3 d6 7. Nc3 e5 8. a3
Bxc3 9. Bxc3 e4 10. Nd2 Bf5 11. Be2 d5 12. O-O h5 13. Rfc1 Rh6 14. b4 a4 15. b5
Ng4 16. Nf1 Nd7 17. cxd5 Rc8 18. b6 Nxb6 19. Bb5+ Kd8 20. f3 exf3 21. Qxf5 fxg2
22. Kxg2 Rg6 23. Kh1 Qe4+ 24. Qxe4 Nf2# 0-1

[Event "13th Foxwoods Open"]
[Site "Mashantucket, CT"]
[Date "2019.04.18"]
[Round "2"]
[White "Finegold, Benjamin"]
[Black "Dominguez, Jose Manuel"]
[Result "1-0"]
[WhiteElo "2487"]
[BlackElo "2266"]
[PlyCount "75"]
[EventDate "2019.04.??"]
[EventType "swiss"]
[EventRounds "9"]
[EventCountry "USA"]

1. d4 b5 2. Nf3 Bb7 3. Bf4 Nf6 4. e3 a6 5. a4 b4 6. Nbd2 a5 7. h3 g6 8. Be2 Bg7
9. O-O d6 10. Bh2 O-O 11. Re1 Nbd7 12. c3 Rb8 13. Bd3 e5 14. e4 Re8 15. dxe5
dxe5 16. Nb3 bxc3 17. bxc3 Ra8 18. Bb5 Qe7 19. Qc2 Red8 20. Rad1 c6 21. Bc4 Nh5
22. Rb1 Nf8 23. Qc1 Bc8 24. Qe3 Nf4 25. Qb6 Be6 26. Nxa5 Rxa5 27. Bxe6 Rxa4 28.
Bxf7+ Kh8 29. Bb3 Raa8 30. Bxf4 exf4 31. e5 Nd7 32. Qb4 Nc5 33. Bc2 Ra2 34.
Rbc1 Bf8 35. Qxf4 Ne6 36. Qc4 Rb2 37. Bb3 Nc5 38. Qg8# 1-0

[Event "13th Foxwoods Open"]
[Site "Mashantucket, CT"]
[Date "2019.04.18"]
[Round "2"]
[White "Sinha, Sahil"]
[Black "Niemann, Hans"]
[Result "0-1"]
[WhiteElo "2265"]
[BlackElo "2477"]
[PlyCount "160"]
[EventDate "2019.04.??"]
[EventType "swiss"]
[EventRounds "9"]
[EventCountry "USA"]

1. d4 d5 2. c4 c6 3. cxd5 cxd5 4. Nc3 Nc6 5. Nf3 Nf6 6. Bf4 a6 7. e3 Bf5 8. Bd3
Bxd3 9. Qxd3 e6 10. Rc1 Bd6 11. Bxd6 Qxd6 12. O-O O-O 13. Na4 Qb4 14. Qd1 Rac8
15. a3 Qe7 16. Nc5 Ne8 17. b4 Nd6 18. Qd3 Rc7 19. Rc2 Rfc8 20. Rfc1 Nb8 21. Nd2
Qe8 22. Qb3 Qc6 23. Nf3 Nc4 24. h3 b6 25. Nd3 f6 26. Nd2 b5 27. Nc5 Nd7 28. Qd3
a5 29. Ndb3 axb4 30. axb4 Ra8 31. Qe2 Rca7 32. Nxd7 Qxd7 33. Nc5 Qc6 34. e4
dxe4 35. Nxe4 Rd8 36. Nd2 Rxd4 37. Nxc4 Rxc4 38. Rxc4 bxc4 39. Qxc4 Qxc4 40.
Rxc4 Ra1+ 41. Kh2 Rb1 42. Rc8+ Kf7 43. Rb8 Rb2 44. f4 Kg6 45. Rb5 h5 46. h4 Rb3
47. Kg1 Kf7 48. Rb7+ Kg6 49. Rb5 Rb2 50. Kh2 Re2 51. Kg3 e5 52. Kf3 Re1 53.
fxe5 fxe5 54. Rb7 Rf1+ 55. Ke3 Rf4 56. g3 Rc4 57. b5 Rc3+ 58. Kf2 Rb3 59. b6
Kf6 60. Kg2 g6 61. Rb8 Kf5 62. b7 Rb2+ 63. Kf3 Rb3+ 64. Kg2 Kg4 65. Re8 Rxb7
66. Rxe5 Rb2+ 67. Kg1 Kh3 68. Rg5 Rg2+ 69. Kh1 Rf2 70. Kg1 Rf6 71. Rb5 Kxg3 72.
Rb4 Rf4 73. Rb6 Rg4 74. Rf6 Kxh4+ 75. Kh2 g5 76. Rf3 Rf4 77. Rh3+ Kg4 78. Rg3+
Kf5 79. Rg2 Rh4+ 80. Kg1 Rg4 0-1

[Event "13th Foxwoods Open"]
[Site "Mashantucket, CT"]
[Date "2019.04.18"]
[Round "2"]
[White "Katz, Alexander"]
[Black "Chasin, Nico"]
[Result "1-0"]
[WhiteElo "2444"]
[BlackElo "2208"]
[PlyCount "79"]
[EventDate "2019.04.??"]
[EventType "swiss"]
[EventRounds "9"]
[EventCountry "USA"]

1. e4 c5 2. Nf3 e6 3. c3 Nf6 4. e5 Nd5 5. d4 cxd4 6. cxd4 d6 7. Bc4 Nb6 8. Bd3
Nc6 9. O-O dxe5 10. dxe5 Nb4 11. Be4 Qxd1 12. Rxd1 f5 13. exf6 gxf6 14. Nc3 f5
15. Bb1 Bg7 16. a3 Bxc3 17. bxc3 N4d5 18. Re1 O-O 19. Ne5 Nxc3 20. Re3 Rd8 21.
Rg3+ Kf8 22. Bh6+ Ke7 23. Bg5+ Ke8 24. Bd3 Rxd3 25. Rxd3 Ncd5 26. Rh3 Nd7 27.
Nxd7 Bxd7 28. Rxh7 Rc8 29. h4 Rc4 30. f3 Rc7 31. h5 Bc6 32. Rxc7 Nxc7 33. Kf2
Kf7 34. Bf4 Nd5 35. Be5 a5 36. g4 fxg4 37. fxg4 a4 38. g5 Ne7 39. g6+ Kg8 40.
Kg3 1-0

[Event "13th Foxwoods Open"]
[Site "Mashantucket, CT"]
[Date "2019.04.18"]
[Round "2"]
[White "Thomforde-Toates, Noah"]
[Black "Mulyar, Michael"]
[Result "1/2-1/2"]
[WhiteElo "1916"]
[BlackElo "2385"]
[PlyCount "65"]
[EventDate "2019.04.??"]
[EventType "swiss"]
[EventRounds "9"]
[EventCountry "USA"]

1. e4 e5 2. Nf3 Nc6 3. Bb5 a6 4. Bxc6 dxc6 5. O-O f6 6. d4 exd4 7. Nxd4 c5 8.
Nb3 Qxd1 9. Rxd1 Bg4 10. f3 Bd7 11. Nc3 c4 12. Nd4 O-O-O 13. Bf4 Bc5 14. Be3
Bd6 15. Nd5 Ne7 16. Nxe7+ Bxe7 17. Kf2 Bd6 18. Ne2 f5 19. Bf4 fxe4 20. Bxd6
exf3 21. gxf3 cxd6 22. Rxd6 Bf5 23. Rd4 b5 24. c3 Bd3 25. Rxd8+ Rxd8 26. Nd4
Re8 27. Rg1 g6 28. Rg5 Kb7 29. Rd5 Kc7 30. h4 Re7 31. a3 Re8 32. Rc5+ Kb7 33.
Rd5 1/2-1/2

[Event "13th Foxwoods Open"]
[Site "Mashantucket, CT"]
[Date "2019.04.18"]
[Round "3.1"]
[White "Niemann, Hans"]
[Black "Durarbayli, Vasif"]
[Result "1/2-1/2"]
[WhiteElo "2477"]
[BlackElo "2628"]
[PlyCount "55"]
[EventDate "2019.04.??"]
[EventType "swiss"]
[EventRounds "9"]
[EventCountry "USA"]

1. d4 Nf6 2. c4 g6 3. Nc3 d5 4. cxd5 Nxd5 5. e4 Nxc3 6. bxc3 Bg7 7. Nf3 c5 8.
h3 O-O 9. Be3 Nc6 10. Be2 cxd4 11. cxd4 Qa5+ 12. Bd2 Qa3 13. d5 Ne5 14. O-O Bd7
15. Nxe5 Bxe5 16. Rb1 Rfc8 17. Rxb7 Ba4 18. Qb1 a5 19. Bc1 Qd6 20. Be3 Bc2 21.
Qb5 Bxe4 22. Rd1 Bc2 23. Re1 Qb4 24. Qxb4 axb4 25. Rxe7 Bc3 26. Rc1 Bb2 27. Re1
Bc3 28. Rc1 1/2-1/2

[Event "13th Foxwoods Open"]
[Site "Mashantucket, CT"]
[Date "2019.04.18"]
[Round "3.2"]
[White "Shimanov, Aleksandr"]
[Black "Hevia Alejano, Carlos Antonio"]
[Result "1-0"]
[WhiteElo "2610"]
[BlackElo "2470"]
[PlyCount "80"]
[EventDate "2019.04.??"]
[EventType "swiss"]
[EventRounds "9"]
[EventCountry "USA"]

1. Nf3 e6 2. g3 d5 3. Bg2 Nf6 4. O-O Be7 5. c4 O-O 6. d4 c6 7. Qc2 b6 8. Nbd2
Ba6 9. b3 Bb7 10. e4 a5 11. a3 Na6 12. Bb2 Rc8 13. Rad1 Rc7 14. Rfe1 Qa8 15. e5
Nd7 16. cxd5 cxd5 17. Qb1 Rfc8 18. h4 Nab8 19. Nf1 Nc6 20. Ne3 a4 21. b4 Ba6
22. Ng5 Nf8 23. Rc1 Na7 24. Rxc7 Rxc7 25. Qd1 Bb5 26. Nh3 Nc6 27. Nf4 Bd8 28.
Nexd5 exd5 29. Nxd5 Rc8 30. Nc3 Qa6 31. d5 Ne7 32. Nxb5 Qxb5 33. Bh3 Rb8 34. d6
Nc8 35. d7 Ne7 36. Qd6 Rb7 37. e6 Qh5 38. Qd4 Qg6 39. h5 Qh6 40. exf7+ Kh8 1-0

[Event "13th Foxwoods Open"]
[Site "Mashantucket, CT"]
[Date "2019.04.18"]
[Round "3.3"]
[White "Vazquez, Guillermo"]
[Black "Katz, Alexander"]
[Result "1-0"]
[WhiteElo "2489"]
[BlackElo "2444"]
[PlyCount "81"]
[EventDate "2019.04.??"]
[EventType "swiss"]
[EventRounds "9"]
[EventCountry "USA"]

1. e4 e5 2. Nf3 Nf6 3. Nxe5 d6 4. Nf3 Nxe4 5. Nc3 Nxc3 6. dxc3 Be7 7. Be3 O-O
8. Qd2 Nd7 9. O-O-O Nf6 10. Bd3 c5 11. Rhe1 Be6 12. c4 b5 13. cxb5 c4 14. Bf1
Ne4 15. Qd4 d5 16. Bxc4 Bf6 17. Qxe4 dxe4 18. Rxd8 Raxd8 19. Bxe6 exf3 20. Bh3
fxg2 21. Bxg2 Rfe8 22. c4 Bd4 23. Kc2 Bxe3 24. fxe3 f5 25. Bd5+ Kf8 26. Kd3 Ke7
27. a4 Kf6 28. Kd4 Re4+ 29. Kc5 Rc8+ 30. Kb4 Re7 31. a5 g5 32. b6 f4 33. c5
Rxe3 34. Rxe3 fxe3 35. Bf3 Ke7 36. bxa7 Ra8 37. Kb5 Rxa7 38. a6 Rd7 39. b4 Kf6
40. c6 Rd5+ 41. Bxd5 1-0

[Event "13th Foxwoods Open"]
[Site "Mashantucket, CT"]
[Date "2019.04.18"]
[Round "3.4"]
[White "Ruiz Castillo, Joshua Daniel"]
[Black "Finegold, Benjamin"]
[Result "1-0"]
[WhiteElo "2460"]
[BlackElo "2487"]
[PlyCount "81"]
[EventDate "2019.04.??"]
[EventType "swiss"]
[EventRounds "9"]
[EventCountry "USA"]

1. Nf3 d5 2. g3 c6 3. Bg2 Nf6 4. c4 g6 5. b3 Bg7 6. Bb2 O-O 7. O-O Bg4 8. d4
Bxf3 9. Bxf3 e6 10. Nd2 Nbd7 11. Qc2 Re8 12. Rad1 Rc8 13. e4 dxe4 14. Nxe4 Nxe4
15. Bxe4 Qb6 16. Bg2 Qa5 17. Bc3 Qa3 18. Qd2 b5 19. cxb5 cxb5 20. Bb7 Bh6 21.
f4 Rxc3 22. Qxc3 Bg7 23. Rf2 Bf8 24. Qc6 Nf6 25. Qxb5 Rd8 26. Rc2 h5 27. Bf3
Nd5 28. Bxd5 Rxd5 29. Qe8 h4 30. Rc7 Rf5 31. Rc2 Qd6 32. Qc6 Qd8 33. Kg2 g5 34.
Rf2 g4 35. Qe4 Bg7 36. Rfd2 Rd5 37. Qe2 h3+ 38. Kf1 f5 39. Qxe6+ Kh7 40. Rc2
Qa5 41. a4 1-0

[Event "13th Foxwoods Open"]
[Site "Mashantucket, CT"]
[Date "2019.04.18"]
[Round "3"]
[White "Narayanan, Samrug"]
[Black "Dragun, Kamil"]
[Result "0-1"]
[WhiteElo "2172"]
[BlackElo "2585"]
[PlyCount "86"]
[EventDate "2019.04.??"]
[EventType "swiss"]
[EventRounds "9"]
[EventCountry "USA"]

1. e4 c5 2. Nf3 e6 3. c3 d5 4. e5 d4 5. Bd3 Bd7 6. Qe2 Bc6 7. O-O Ne7 8. Na3
Ng6 9. Be4 d3 10. Qe3 Bxe4 11. Qxe4 Nc6 12. b3 Qd7 13. Nc4 f5 14. exf6 gxf6 15.
Nb2 O-O-O 16. Ne1 e5 17. Nexd3 f5 18. Qc4 e4 19. Nxc5 Bxc5 20. Qxc5 Rhg8 21.
Kh1 Nh4 22. Rg1 f4 23. Qh5 Nxg2 24. d3 exd3 25. Bd2 f3 26. Nc4 Qd5 27. Qxd5
Rxd5 28. Rae1 b5 29. Ne3 Rdg5 30. Nd1 Rh5 31. Re6 Ne5 32. Bf4 Ng4 33. Bg3 Rg6
34. Re8+ Kd7 35. Re4 Nxh2 36. Rd4+ Kc6 37. Rxg2 Nf1+ 38. Kg1 fxg2 39. Kxg2 Nxg3
40. fxg3 Rd5 41. Ne3 Rxd4 42. cxd4 Rd6 43. d5+ Rxd5 0-1

[Event "13th Foxwoods Open"]
[Site "Mashantucket, CT"]
[Date "2019.04.18"]
[Round "3"]
[White "Belous, Vladimir"]
[Black "Williams, Christopher"]
[Result "1-0"]
[WhiteElo "2520"]
[BlackElo "2152"]
[PlyCount "51"]
[EventDate "2019.04.??"]
[EventType "swiss"]
[EventRounds "9"]
[EventCountry "USA"]

1. Nf3 Nf6 2. c4 c6 3. d4 d5 4. e3 Bg4 5. h3 Bxf3 6. Qxf3 e6 7. a3 a5 8. Nc3
Nbd7 9. g4 h6 10. h4 Nh7 11. e4 dxe4 12. Nxe4 Ndf6 13. Be3 Be7 14. O-O-O Nxe4
15. Qxe4 Nf6 16. Qf3 Qc8 17. Bh3 Nh7 18. Bg2 Qc7 19. Kb1 Rd8 20. g5 Nf8 21. d5
cxd5 22. cxd5 hxg5 23. Bf1 e5 24. Bb5+ Nd7 25. d6 Bxd6 26. Rc1 1-0

[Event "13th Foxwoods Open"]
[Site "Mashantucket, CT"]
[Date "2019.04.18"]
[Round "3"]
[White "Mulyar, Michael"]
[Black "Poliannikov, Danila"]
[Result "1-0"]
[WhiteElo "2385"]
[BlackElo "1930"]
[PlyCount "153"]
[EventDate "2019.04.??"]
[EventType "swiss"]
[EventRounds "9"]
[EventCountry "USA"]

1. d4 Nf6 2. Nf3 c5 3. d5 e6 4. c4 exd5 5. cxd5 d6 6. Nc3 g6 7. e4 Bg7 8. h3
O-O 9. Bd3 Bd7 10. Bf4 Re8 11. O-O b5 12. Bxd6 b4 13. Ne2 Nxe4 14. Bxe4 Rxe4
15. Ng3 Re8 16. Bxc5 Qa5 17. Bd4 Qxd5 18. Bxg7 Qxd1 19. Rfxd1 Kxg7 20. Rac1 a5
21. b3 a4 22. Rd4 axb3 23. axb3 Be6 24. Rxb4 Na6 25. Rb5 Reb8 26. Ra5 Nb4 27.
Rxa8 Rxa8 28. Nd4 Bd5 29. Nge2 Ra2 30. Nc3 Rd2 31. Rd1 Rb2 32. Na4 Ra2 33. Nb6
Be4 34. Nc4 h5 35. Re1 Bd5 36. Ne3 Rb2 37. Nxd5 Nxd5 38. h4 Rd2 39. Nf3 Rd3 40.
Rb1 Nb4 41. Ng5 f6 42. Ne4 Rd4 43. f3 Kh6 44. Nxf6 Rxh4 45. Rd1 Rf4 46. Rd6 Kg7
47. Ne4 Rf5 48. Rb6 Nc2 49. b4 h4 50. b5 h3 51. Rb7+ Kh6 52. Nd6 Rf6 53. Ne4
Rf5 54. g4 Rxf3 55. Rh7+ Kxh7 56. Ng5+ Kg7 57. Nxf3 Kf6 58. b6 Nb4 59. Kh2 Ke6
60. b7 Na6 61. g5 Kf5 62. Kxh3 Kf4 63. Kg2 Kg4 64. Kf2 Kf4 65. Ke2 Ke4 66. Ne1
Kf4 67. Nf3 Ke4 68. Nd2+ Kf4 69. Nb3 Kxg5 70. Kd3 Kf6 71. Kc4 g5 72. Kb5 Nb8
73. Nc5 g4 74. Kb6 Ke7 75. Ne4 Nd7+ 76. Ka7 Kd8 77. Nc5 1-0

[Event "13th Foxwoods Open"]
[Site "Mashantucket, CT"]
[Date "2019.04.18"]
[Round "3"]
[White "Sarkar, Justin"]
[Black "Zhou, Liran"]
[Result "1-0"]
[WhiteElo "2337"]
[BlackElo "2152"]
[PlyCount "111"]
[EventDate "2019.04.??"]
[EventType "swiss"]
[EventRounds "9"]
[EventCountry "USA"]

1. d4 Nf6 2. c4 g6 3. Nc3 Bg7 4. e4 d6 5. f3 O-O 6. Be3 Nc6 7. Qd2 a6 8. b3 Rb8
9. Rc1 Bd7 10. Bd3 e5 11. d5 Nd4 12. Nge2 Nh5 13. Bb1 Nxe2 14. Nxe2 f5 15. exf5
gxf5 16. O-O Nf6 17. c5 Qe8 18. Rfd1 Kh8 19. cxd6 cxd6 20. Qb4 Rg8 21. Qxd6 f4
22. Bb6 Qh5 23. Kh1 Bh3 24. Rg1 Nd7 25. Bf2 Bf8 26. Qc7 Bh6 27. Qc2 Nf6 28. Qd3
e4 29. Qc3 Bxg2+ 30. Rxg2 Rxg2 31. Kxg2 exf3+ 32. Kh1 fxe2 33. Qxf6+ Bg7 34.
Qf5 Qxf5 35. Bxf5 Rd8 36. d6 Rxd6 37. Rc8+ Bf8 38. Rxf8+ Kg7 39. Re8 f3 40. h4
Rd2 41. Bg4 e1=Q+ 42. Bxe1 f2 43. Bxf2 Rxf2 44. Re7+ Kg6 45. Rxb7 Rxa2 46. Rb6+
Kg7 47. h5 a5 48. h6+ Kg8 49. Be6+ Kf8 50. Rb7 Re2 51. Bc4 Re4 52. Rf7+ Ke8 53.
Rxh7 Rh4+ 54. Kg2 a4 55. Kg3 Rh5 56. Bf7+ 1-0

[Event "13th Foxwoods Open"]
[Site "Mashantucket, CT"]
[Date "2019.04.19"]
[Round "3"]
[White "Weeramantry, Sunil"]
[Black "Wang, Qibiao"]
[Result "0-1"]
[WhiteElo "2047"]
[BlackElo "2240"]
[PlyCount "110"]
[EventDate "2019.04.??"]
[EventType "swiss"]
[EventRounds "9"]
[EventCountry "USA"]

1. e4 c5 2. Nc3 Nc6 3. f4 g6 4. Nf3 Bg7 5. Bc4 e6 6. f5 Nge7 7. fxe6 dxe6 8.
O-O O-O 9. d3 h6 10. Be3 Nd4 11. Qd2 Kh7 12. Bb3 Nec6 13. Ne2 Nxb3 14. axb3 b6
15. Kh1 Bb7 16. Neg1 f5 17. exf5 exf5 18. Nh3 Nd4 19. Bxd4 cxd4 20. Rae1 Qd7
21. Re2 Rae8 22. Rfe1 Bf6 23. Nf4 Bxf3 24. gxf3 Bg5 25. Rxe8 Rxe8 26. Rxe8 Qxe8
27. Qe2 Qc6 28. Ng2 Kg7 29. Kg1 Kf7 30. f4 Bf6 31. Ne1 Qe6 32. Kf1 g5 33. fxg5
hxg5 34. Qf3 a5 35. Qb7+ Kg6 36. h3 Qe3 37. Qg2 Qf4+ 38. Kg1 Qe3+ 39. Kf1 Qf4+
40. Qf3 Qxf3+ 41. Nxf3 g4 42. hxg4 fxg4 43. Nd2 Kf5 44. b4 a4 45. Nc4 Bd8 46.
Kg2 Bc7 47. Kf2 Kf4 48. b5 Kf5 49. Nd2 Ke6 50. Ne4 Be5 51. Ke2 Kf5 52. Kf2 Kf4
53. Ng3 Bd6 54. Ne4 Bb4 55. Ng3 Be1+ 0-1